000 00646nam a2200229Ia 4500
003 OSt
005 20221006164850.0
006 a|||||r|||| 00| 0
007 ta
008 221006b |||||||| |||| 00| 0 eng d
024 _a608
037 _cTextual
040 _aFML
_cFML
_beng
041 _2eng
_aeng
082 _aY:1.2 C9679 <--- B7999, K3
100 _aDutt Ramesh Chandra Au.
_9676877
245 0 _aEarly Hindu Civilization
260 _aKolkata
_bPunthi Pustak
_c1963
300 _a285
_ccm.
942 _hY:1.2 C9679 <--- B7999, K3
_cTEXL
_2CC
999 _c1118757
_d1118757